000 00389nam a2200157Ia 4500
008 230917s9999||||xx |||||||||||||| ||und||
020 _cPON22.5
040 _e15069
_aMAIN
041 _aEnglish
082 _a512.5 A23F
100 _aAschbacher, Michael
245 0 _aFinite group theory
260 _aCambridge
_bCambridge University Press
_c1986
300 _aix, 274 p.
942 _cBK
999 _c56579
_d56579